Normal view
MARC view
Entry Personal Name
001 - CONTROL NUMBER
- control field: 11681
003 - CONTROL NUMBER IDENTIFIER
- control field: OSt
005 - DATE AND TIME OF LATEST TRANSACTION
- control field: 20170228140533.0
008 - FIXED-LENGTH DATA ELEMENTS
- fixed length control field: 170228|| aca||aabn | a|a d
040 ## - CATALOGING SOURCE
- Original cataloging agency: OSt
- Transcribing agency: OSt
100 ## - HEADING--PERSONAL NAME
- Personal name: Landshoff,Peter;Metherell,Allen;Rees,Gareth;
670 ## - SOURCE DATA FOUND
- Source citation: Work cat.: (OSt): Landshoff,Peter;Metherell,Allen;Rees,Gareth;, Essential Quantum Physics., 1997.
